El lado oscuro de la cooperación internacional :. (Registro nro. 35108)
[ vista simple ]
| 000 -CABECERA | |
|---|---|
| campo de control de longitud fija | 00291nam a2200109 a 4500 |
| 005 - FECHA Y HORA DE LA ÚLTIMA TRANSACCIÓN | |
| campo de control | 20200930074457.0 |
| 008 - DATOS DE LONGITUD FIJA--INFORMACIÓN GENERAL | |
| campo de control de longitud fija | 111105s2009 000 spa d |
| 020 ## - NÚMERO INTERNACIONAL ESTÁNDAR DEL LIBRO | |
| Número Internacional Estándar del Libro | 9786077842019 |
| 040 ## - FUENTE DE LA CATALOGACIÓN | |
| Centro catalogador/agencia de origen | DO-SdBNP |
| 245 #3 - MENCIÓN DE TÍTULO | |
| Título | El lado oscuro de la cooperación internacional :. |
| 260 ## - PUBLICACIÓN, DISTRIBUCIÓN, ETC. | |
| Lugar de publicación, distribución, etc. | México, |
| Fecha de publicación, distribución, etc. | 2009. |
No hay ítems disponibles.
